000 00823nam a22002295i 4500
001 176321
003 ES-MaACL
005 20230906220040.0
008 110110s1973 sp |||| | spa d
020 _a84-277-0170-5
080 _a1 Nietzsche, Friedrich
100 1 _aNietzsche, Friedrich,
_d1844-1900
_985718
245 1 3 _aEl gay saber /
_cFederico Nietzsche ; traducción, estudio, notas y comentarios de texto por Luis Jiménez Moreno.
260 _aMadrid :
_bNarcea,
_cD. L. 1973.
300 _a463 p. ;
_c19 cm.
490 1 _aBitácora. Biblioteca del estudiante ;
_v34
650 0 4 _aFilosofía-
_zAlemania-
_yS.XIX.
_9144630
700 1 _aJiménez Moreno, Luis.
_966573
830 0 _aBitácora. Biblioteca del estudiante ;
_v34
_9181903
852 _aES-MaACL
_jE-13966
_xOlim P-1892
999 _c176321
_d176321